La codificazione di Alarico II

Guardat en:
Dades bibliogràfiques
Autor principal: Lambertini, Renzo (Autor)
Format: Llibre
Idioma:italià
Publicat: Turín G. Giappichelli 1991
Edició:2a. ed
Matèries:
Etiquetes: Afegir etiqueta
Sense etiquetes, Sigues el primer a etiquetar aquest registre!

MARC

LEADER 00000nam a2200000 a 4500
001 UCZ0257
003 CL-VaPUC
008 950728e19910000IT |||||||||||||||||ita|d
082 0 4 |a 340.54  |b LAM  |2 21 
100 |a Lambertini, Renzo  |e author  |9 564969 
245 1 3 |a La codificazione di Alarico II 
250 |a 2a. ed 
300 |a 212 p 
942 |c BK 
945 |d 19950728 00:00:00  |a aalvarez 
260 |a Turín  |b G. Giappichelli  |c 1991 
650 0 |a Derecho romano  |9 255930 
583 |a last modification  |c 19950728 00:00:00  |k Rodrigo Vera 
999 |c 237214  |d 237212 
952 |0 0  |1 0  |4 0  |6 340_540000000000000_LAM_1991  |7 0  |8 DER_ROM  |9 246077  |a BIBDER  |b BIBDER  |d 2019-11-18  |i 3114260  |o 340.54 LAM 1991  |p 3114260  |r 2023-01-25  |w 2019-11-18  |x Ubicación 4to piso  |y BK  |z Este recurso debe solicitarse con anticipación  |k DER